|
|
|
|
| LEADER |
00000nas a2200000 i 4500 |
| 001 |
ssj0000395608 |
| 003 |
WaSeSS |
| 005 |
20200512172242.0 |
| 006 |
m d |
| 007 |
cr n |
| 008 |
101005c20049999bl qr p s 0 0por c |
| 010 |
|
|
|a 2012267081
|
| 016 |
7 |
|
|a 2538289-5
|2 DE-600
|
| 022 |
|
|
|a 1809-2039
|l 1809-2039
|
| 035 |
|
|
|a (WaSeSS)ssj0000395608
|
| 040 |
|
|
|a WaSeSS
|b eng
|e pn
|c CUD
|d OCLCQ
|d DOS
|d OCLCQ
|d CUS
|d CNCGM
|d HEBIS
|d OCLCF
|d OCLCO
|d IXA
|d OCLCO
|d OCL
|d OCLCO
|d OCLCQ
|d OCLCA
|d AU@
|d VT2
|d WaSeSS
|
| 042 |
|
|
|a pcc
|
| 043 |
|
|
|a s-bl---
|
| 210 |
0 |
|
|a RAI, Rev. Adm. Inov.
|
| 222 |
|
0 |
|a RAI : Revista de Administração e Inovação
|
| 245 |
0 |
0 |
|a Revista de administração e inovação
|h [electronic resource].
|
| 246 |
1 |
|
|a RAI
|
| 246 |
1 |
|
|i Title on English home page:
|a Review of administration and innovation
|
| 260 |
|
|
|a [São Paulo, Brazil] :
|b Universidade de São Paulo, Núcleo de Política e Gestão Tecnológica, PGT/USP,
|c 2004-
|
| 310 |
|
|
|a Quarterly,
|b 2010-
|
| 321 |
|
|
|a Three times a year,
|b -2009
|
| 362 |
1 |
|
|a Began with v. 1, n. 1 (2004).
|
| 506 |
|
|
|a License restrictions may limit access.
|
| 588 |
|
|
|a Description based on: V. 1, n. 1 (2004); title from PDF caption (publisher website, viewed Sept. 11, 2015).
|
| 588 |
|
|
|a Latest issue consulted: V. 12, n. 2 (2015) (viewed Sept. 11, 2015).
|
| 650 |
|
0 |
|a Technological innovations
|v Periodicals.
|
| 650 |
|
0 |
|a Technological innovations
|z Brazil
|v Periodicals.
|
| 650 |
|
0 |
|a Management
|v Periodicals.
|
| 650 |
|
0 |
|a Management
|z Brazil
|v Periodicals.
|
| 650 |
|
7 |
|a Management.
|2 fast
|0 (OCoLC)fst01007141
|
| 650 |
|
7 |
|a Technological innovations.
|2 fast
|0 (OCoLC)fst01145002
|
| 651 |
|
7 |
|a Brazil.
|2 fast
|0 (OCoLC)fst01206830
|
| 655 |
|
0 |
|a Electronic journals.
|
| 710 |
2 |
|
|a Universidade de São Paulo.
|b Núcleo de Política e Gestão Tecnológica.
|
| 856 |
4 |
0 |
|z Full text available from Research Library: 01/01/2004 to present
|u https://search.proquest.com/publication/466373
|